| 000 | 00524nam a22001817a 4500 | ||
|---|---|---|---|
| 005 | 20240409112547.0 | ||
| 020 | _c900.00 | ||
| 037 | _bGift/Unesco | ||
| 082 | _a658.23 | ||
| 100 |
_aBecker, Franklin _964453 |
||
| 245 |
_aFranklin Becker [and] Fritz Steele _cFranklin Becker [and] Fritz Steele |
||
| 260 |
_aNew York _bJossey-Bass Publishers _c1994 |
||
| 270 | _aNew York | ||
| 300 |
_axv, 228p.; _c24cm(Hb) |
||
| 490 | _aIndex | ||
| 700 |
_aSteele, Fritz _964423 |
||
| 942 |
_2ddc _cEN _h658.23 _mBAC |
||
| 999 |
_c201990 _d201990 |
||